Länder nach Sehenswürdigkeiten (Asien) #1 - Statistiken

Allgemein
  • Dieses Quiz wurde 100 mal gespielt
  • Das Durchschnittsergebnis liegt bei 12 aus 15
Antwortstatistiken
Bildquiz Hint Antwort % Korrekt
Scharfes Essen Indien
99%
Viele Einwohner China
98%
Strenge Diktatur Nordkorea
96%
Samurai Japan
94%
Zwei Kontinente Türkei
91%
Sehr Gebirgig Nepal
88%
Persien Iran
83%
Viele Konflikte Israel
83%
Viele Inseln Indonesien
82%
könnte bald nicht mehr existieren Malediven
81%
Dubai VAE
80%
sehr klein Singapur
78%
Curry Thailand
76%
letztes sowjetisches Land Kasachstan
74%
wird gebaut Saudi Arabien
65%
Stalin Georgien
55%
Keine übereinstimmenden Quizze gefunden
Verteilung der Resultate
Anzahl Personen mit jedem Resultat
Perzentil nach korrekt beantworteten Fragen
Ihre Resultats-Entwicklung
Sie haben dieses Quiz noch nicht gespielt